STN EN 1779: 2001 (01 5059), Nedeštruktívne skúšanie. Skúšanie tesnosti. Kritériá na voľbu metód a postupov
Táto národná norma je identická s EN 1779: 1999 v českom jazyku
| Main Author: | |
|---|---|
| Corporate Author: | |
| Other Authors: | |
| Format: | Book |
| Language: | Czech Slovak English |
| PhysicalDescription: | 20 s. tab. 30 cm |
| Published: |
Bratislava
Slovenský ústav technickej normalizácie
2001
|
| Subjects: |
MARC
| LEADER | 00000nam a2200000 a 4500 | ||
|---|---|---|---|
| 001 | vtls008944904 | ||
| 003 | SK-MaSNL | ||
| 005 | 20260301124737.0 | ||
| 008 | 130117s2001 xo a f u 000 0 cze | ||
| 015 | |a SNBN2014 | ||
| 020 | |c (cen. skup. 11) | ||
| 040 | |a SNK |b slo |c SNK |e AACR2 | ||
| 041 | 1 | |a cze |a slo |h eng | |
| 044 | |a xo |c SK | ||
| 046 | |a s |m 200112 (účin.) | ||
| 072 | 7 | |a 620.1/.2 |x Náuka o materiáli |2 konspekt | |
| 072 | 7 | |a 621 |x Strojárstvo |2 konspekt | |
| 072 | 7 | |a 662 |x Výbušniny. Palivá |2 konspekt | |
| 080 | |a 662.76:621.6.05 |2 2001 | ||
| 080 | |a 006.86 |2 2001 | ||
| 080 | |a (437.6) |2 2001 | ||
| 080 | |a (4) |2 2001 | ||
| 080 | |a (083) |2 2001 | ||
| 080 | |a 620.179 |2 2001 | ||
| 080 | |a 621.646.95 |2 2001 | ||
| 084 | |a 19.100 |2 ICS | ||
| 130 | 0 | |a STN 01 5059 (STN EN 1779) |9 473648 | |
| 245 | 1 | 0 | |a STN EN 1779: 2001 (01 5059), Nedeštruktívne skúšanie. Skúšanie tesnosti. Kritériá na voľbu metód a postupov |
| 246 | 1 | 0 | |a Nedeštruktívne skúšanie |
| 246 | 1 | 0 | |a Skúšanie tesnosti |
| 246 | 1 | 0 | |a Kritériá na voľbu metód a postupov |
| 260 | |a Bratislava |b Slovenský ústav technickej normalizácie |c 2001 | ||
| 300 | |a 20 s. |b tab. |c 30 cm | ||
| 500 | |a Súbežný názov v angličtine, francúzštine, nemčine | ||
| 500 | |a Spracovateľ: SSTN Bratislava, Jozef Drang ; SÚTN Bratislava, Peter Lakatoš | ||
| 504 | |a Citované normy s. II | ||
| 520 | 8 | |a Táto národná norma je identická s EN 1779: 1999 v českom jazyku | |
| 540 | |a STN vydané na akomkoľvek nosiči sa môžu rozmnožovať a rozširovať iba so súhlasom určenej právnickej osoby |b SÚTN Bratislava |c zákon 264/1999 Z.z. | ||
| 650 | 0 | 7 | |a plynové zariadenia |2 SNKPH |9 69235 |
| 650 | 0 | 7 | |a technické normy a štandardy |z Slovensko |2 SNKPH |9 79594 |
| 650 | 0 | 7 | |a technické normy a štandardy |z krajiny Európskej únie |2 SNKPH |9 289341 |
| 650 | 0 | 7 | |a Gas equipment |2 SNKPHeng |9 324188 |
| 650 | 0 | 7 | |a nedeštruktívne skúšanie materiálov |2 SNKPH |9 66994 |
| 650 | 0 | 7 | |a Non-destructive testing of materials |2 SNKPHeng |9 314612 |
| 650 | 0 | 7 | |a detektory plynov |2 SNKPH |9 24701 |
| 650 | 0 | 7 | |a Gas detectors |2 SNKPHeng |9 322622 |
| 655 | 7 | |a normy |2 SNKPH |9 70643 | |
| 700 | 1 | |a Lakatoš, Peter |4 aut |9 312413 | |
| 700 | 1 | |a Drang, Jozef |4 trl |9 312434 | |
| 710 | 2 | |a Slovenský ústav technickej normalizácie (Bratislava, Slovensko). |b Technická normalizačná komisia č. 67 Nedeštruktívne skúšky |4 stn |9 473649 | |
| 710 | 2 | |a Slovenská spoločnosť pre technickú normalizáciu |4 trl |9 36642 | |
| 958 | |a NB | ||
| 958 | |a OP | ||
| 999 | |c 740322 |d 742252 | ||
| 952 | |a SNK |b SNK |y PREZ |7 0 |p 17A0539438 |o snkSTN EN 1779 |i snk2007/4050 |8 0 |0 0 |1 0 |4 0 |d 2007-02-12 |l 0 |r 2026-02-23 22:57:17 |w 2026-02-23 | ||
| 952 | |a SNK |b SNK |y PREZ |7 0 |p 17A0539439 |o snkSTN EN 1779 D1 |i snk2007/4052 |8 0 |0 0 |1 0 |4 0 |d 2007-02-12 |l 0 |r 2026-02-23 22:57:17 |w 2026-02-23 | ||


